01659nam a22001697a 4500008004100000040005500041082001500096100003600111245018700147260003300334300002900367500029500396505070600691506002101397650002801418650004301446130509s1922 sp ||||f |||| 00| 0 spa d cSandra Yazo (modificó)dSandra Yazo (modificó) 220a347.051 aChiovenda, Giuseppe,d1872-19371 aPrincipios de derecho procesal civilbTomo Icpor José Chiovenda ; traducción española de la tercera edición italiana prólogo y notas del profesor José Casais y Santaló aMadridbEditorial Reusc1922 aiii, 731 p.c23 x 16 cm. aDetalles físicos: Encuadernación rígida en cartón forrada en tela, lomo en cuero con nervaduras sobre costuras, letras y adornos en dorado Guardas. Portada impresa en una sola tinta. Texto impreso sobre papel de regular calidad, notas al pie de página. Papel con algunas manchas.  aV.1: Introducción. ; Generalidades acerca de la historia, la legislación y la literatura procesales. ; Plan para el estudio del derecho procesal – Conceptos fundamentales. ; La actuación de la ley en el proceso civil. Sus formas y condiciones (Condiciones de la acción). ; Los presupuestos procesales: Órganos del Estado en el proceso. ; La jurisdicción. ; Capacidad general de los órganos jurisdiccionales (Organismos judicial). ; Formación de los funcionarios judiciales y su condición jurídica. ; Apéndice al capítulo II. ; Capacidad especial objetiva de los órganos jurisdiccionales (la competencia). ; Capacidad especial subjetiva de los órganos jurisdiccionales.  aConsulta en sala 72Derecho civilzEspaña 7aDerecho españolxProcedimiento civil